Top ten football clubs with the most fans - Statistics

General Stats
  • This quiz has been taken 31 times
  • The average score is 9 of 10
Answer Stats
Hint Answer % Correct
126.5 Million Bayern Munich
100%
318.8 Million Barcelona
97%
207 Million Manchester United
97%
131.6 Million Liverpool
93%
139.7 Million Manchester City
93%
360.5 Million Real Madrid
93%
136.7 Million Chelsea
86%
99.2 Million Arsenal
83%
147.4 Million Juventus
83%
163 Million Paris Saint German
76%
No matching quizzes found
Score Distribution
Percent of People with Each Score
Percentile by Number Answered
Your Score History
You have not taken this quiz